000 00498nam a22001577u 4500
008 130405s1956 xxu||||| |||| 00| 0 spa d
041 _aspa
100 1 _aRaymond, M.
_928854
245 0 0 _aUn trapense pregunta: ¿En qué consiste el mal?
_b:A los bachilleres de los colegios católicos
_cM. Raymond
260 _aMadrid-Buenos Aires:
_bStudium,
_c1956
300 _a90 p.
_c;17 cm.
490 0 _aTrapense
_v22
650 0 4 _aEspiritualidad
_xLecturas cristianas
_913375
942 _cBK
001 24938
999 _c266921
_d266921